| 000 | 00533nam a2200205Ia 4500 | ||
|---|---|---|---|
| 003 | OSt | ||
| 005 | 20251204110526.0 | ||
| 020 | _a978-0-07-110719-8 | ||
| 040 | _cLC | ||
| 050 |
_aHD30.28 .P 43 2007 _b1 |
||
| 100 | _aPEARCE JOHN A. | ||
| 245 | 0 | _aSTRATEGIC MANAGEMENT: FORMULATION, IMPLEMENTATION AND CONTROL | |
| 250 | _a10 | ||
| 260 |
_aBOSTON, _bMcGRAW-HILL IRWIN, _c2007, |
||
| 300 | _aXXiX, 426 P, ILL | ||
| 500 | _aINCLUDES INDEX | ||
| 650 | _a Strategic planning | ||
| 700 | _aROBINSON RICHARD B | ||
| 942 |
_cSL _2lcc _n0 |
||
| 999 |
_c61187 _d61187 |
||